| 000 | 01220cam a22003017a 4500 | ||
|---|---|---|---|
| 003 | CHAP | ||
| 005 | 20220329142952.0 | ||
| 008 | 050516d2000 mx r 00110 spa d | ||
| 010 | _a90266 | ||
| 011 | _a91238 | ||
| 035 | _a101796 | ||
| 040 | _cCHAP | ||
| 090 | _aFolleto 16996 | ||
| 110 | 2 |
_aInstituto Nacional de Estadística, Geografía e Informática. México _959304 |
|
| 245 | 1 | 0 |
_aCaracterísticas de las personas con discapacidad : _bdiscapacidad auditiva, discapacidad del lenguaje, discapacidad mental, discapacidad motriz, discapacidad visual _c/por Instituto Nacional de Estadística, Geografía e Informática |
| 260 |
_aAguascalientes, Ags. : _bInstituto Nacional de Estadística, Geografía e Informática, _c2000. |
||
| 300 | _a5 hojas desplegables | ||
| 590 |
_aBATCH-UPD _b10 _c20130110 _lUCH01 _h0547 |
||
| 590 |
_aBATCH-UPD _b10 _c20130410 _lUCH01 _h0228 |
||
| 590 |
_aBATCH-UPD _b10 _c20130914 _lUCH01 _h1204 |
||
| 590 |
_aCONVERSION _b10 _c20130109 _lUCH01 _h1350 |
||
| 650 | 1 | 4 |
_aDiscapacitados _xEstadísticas _zMéxico. _932708 |
| 650 | 1 | 4 |
_aDiscapacitados _zMéxico. _932709 |
| 901 | _aBK | ||
| 905 | _aLilia | ||
| 942 | _cFOLL | ||
| 949 |
_aFolleto 16996 _bBC _cFOLL _d00000001017961 _eTS1 _i101796 _sb |
||
| 999 |
_c90266 _d90266 |
||